[Event "Titled Tuesday intern op 06th May Early"]
[Site "Chess.com INT"]
[Date "2025.05.06"]
[Round "3"]
[White "Osinovsky, Stepan"]
[Black "Nguyen, Thanh Nghia"]
[Result "0-1"]
[WhiteElo "2240"]
[BlackElo "2124"]
[PlyCount "40"]
[EventDate "2025.05.06"]
[EventType "swiss (blitz)"]
[EventRounds "11"]
[EventCountry "USA"]
[SourceTitle "CB20_2025"]
[SourceDate "2025.05.14"]
[SourceVersion "1"]
[SourceVersionDate "2025.05.14"]
[SourceQuality "1"]

1. e4 e5 2. Nf3 Nc6 3. Bb5 d6 4. 0-0 Bd7 5. c3 Nf6 6. d4 Be7 7. Nbd2 0-0 8. h3 Nxd4 9. Nxd4 exd4 10. Bxd7 dxc3 11. Ba4 cxd2 12. Qxd2 Nxe4 13. Qd5 Nc5 14. Bc2 Bf6 15. Rb1 a5 16. Rd1 Re8 17. Be3 b6 18. a3 Qe7 19. b4 axb4 20. axb4 Ne4 0-1

[Event "Titled Tuesday intern op 04th Feb Late"]
[Site "Chess.com INT"]
[Date "2025.02.04"]
[Round "4"]
[White "Nguyen, Thanh Nghia"]
[Black "Kjaergaard Jensen, Jesper"]
[Result "1-0"]
[WhiteElo "2124"]
[BlackElo "2081"]
[PlyCount "42"]
[EventDate "2025.02.04"]
[EventType "swiss (blitz)"]
[EventRounds "11"]
[EventCountry "USA"]
[SourceTitle "CB07_2025"]
[SourceDate "2025.02.12"]
[SourceVersion "1"]
[SourceVersionDate "2025.02.12"]
[SourceQuality "1"]

1. d4 Nf6 2. Bf4 d6 3. e3 Nbd7 4. Nf3 c6 5. h3 e5 6. dxe5 dxe5 7. Bh2 Qa5+ 8. c3 e4 9. Nd4 Qb6 10. Qc2 c5 11. Nb5 Nd5 12. a4 N7f6 13. Nd2 Bf5 14. Nc4 Qc6 15. Be2 Be7 16. Nbd6+ Bxd6 17. Nxd6+ Ke7 18. Nxf5+ Ke6 19. Nxg7+ Ke7 20. Nf5+ Ke6 21. Ng3 Ne7 1-0

[Event "Titled Tuesday intern op 21st Jan Late"]
[Site "Chess.com INT"]
[Date "2025.01.21"]
[Round "10"]
[White "Adam, Ernestina"]
[Black "Nguyen, Thanh Nghia"]
[Result "0-1"]
[WhiteElo "2249"]
[BlackElo "2124"]
[PlyCount "66"]
[EventDate "2025.01.21"]
[EventType "swiss (blitz)"]
[EventRounds "11"]
[EventCountry "USA"]
[SourceTitle "CB05_2025"]
[SourceDate "2025.01.29"]
[SourceVersion "1"]
[SourceVersionDate "2025.01.29"]
[SourceQuality "1"]

1. e4 e5 2. Nf3 Nc6 3. Bc4 Be7 4. d3 Nf6 5. 0-0 0-0 6. a4 d6 7. a5 Bg4 8. c3 d5 9. exd5 Nxd5 10. Re1 Bf6 11. Nbd2 Nf4 12. Ne4 Be7 13. Bxf4 exf4 14. b4 Ne5 15. Bb3 Nxd3 16. Rf1 Bf5 17. Qe2 Nxb4 18. cxb4 Bxb4 19. Qc4 Qe7 20. Ned2 Bd6 21. a6 b6 22. Rfe1 Qf6 23. Ne4 Bxe4 24. Qxe4 g6 25. Rad1 Rfe8 26. Qc4 Bc5 27. Ba4 Red8 28. Bb3 h5 29. Rxd8+ Rxd8 30. Ne5 Rd2 31. Nxf7 Kg7 32. Rf1 Qb2 33. Qe6 Rxf2 0-1

[Event "Titled Tuesday intern op 09th Jul Early"]
[Site "Chess.com INT"]
[Date "2024.07.09"]
[Round "4"]
[White "Nguyen, Thanh Nghia"]
[Black "Golubev, Mikhail"]
[Result "1/2-1/2"]
[WhiteElo "2124"]
[BlackElo "2461"]
[PlyCount "111"]
[EventDate "2024.07.09"]
[EventType "swiss (blitz)"]
[EventRounds "11"]
[EventCountry "USA"]
[SourceTitle "EXT 2025"]
[Source "ChessBase"]
[SourceDate "2024.10.14"]
[SourceVersion "1"]
[SourceVersionDate "2024.10.14"]
[SourceQuality "1"]

1. e4 c5 2. Nf3 d6 3. d4 Nf6 4. Nc3 cxd4 5. Nxd4 g6 6. Be3 Bg7 7. f3 Nc6 8. Qd2 0-0 9. g4 h5 10. h3 d5 11. g5 Nh7 12. exd5 Nxd4 13. Bxd4 Nxg5 14. Bg2 Bxd4 15. Qxd4 Ne6 16. Qd2 Ng7 17. 0-0-0 Bf5 18. f4 Rc8 19. d6 exd6 20. Qxd6 Qxd6 21. Rxd6 Rc7 22. Rd2 Rfc8 23. Be4 Bxe4 24. Nxe4 Nf5 25. c3 Kg7 26. Nd6 Nxd6 27. Rxd6 Rc5 28. Rd7 R8c7 29. Rhd1 Kf6 30. Rxc7 Rxc7 31. Rd4 Kf5 32. Kd2 Re7 33. b3 f6 34. c4 g5 35. fxg5 fxg5 36. c5 g4 37. Rd5+ Re5 38. hxg4+ hxg4 39. Rd7 Rxc5 40. Rxb7 a5 41. a3 Re5 42. b4 axb4 43. axb4 g3 44. Rg7 Kf4 45. Kd3 Rb5 46. Kc4 Rg5 47. Rf7+ Ke3 48. Rf1 g2 49. Rb1 g1Q 50. Rxg1 Rxg1 51. b5 Ke4 52. Kc5 Rc1+ 53. Kd6 Kd4 54. b6 Rb1 55. Kc6 Rxb6+ 56. Kxb6 1/2-1/2

[Event "Titled Tuesday intern op 09th Jul Early"]
[Site "Chess.com INT"]
[Date "2024.07.09"]
[Round "1"]
[White "Nguyen, Thanh Nghia"]
[Black "Manolache, Marius"]
[Result "1-0"]
[WhiteElo "2124"]
[BlackElo "2388"]
[PlyCount "111"]
[EventDate "2024.07.09"]
[EventType "swiss (blitz)"]
[EventRounds "11"]
[EventCountry "USA"]
[SourceTitle "EXT 2025"]
[Source "ChessBase"]
[SourceDate "2024.10.14"]
[SourceVersion "1"]
[SourceVersionDate "2024.10.14"]
[SourceQuality "1"]

1. e4 c6 2. d4 d5 3. exd5 cxd5 4. Bd3 Nc6 5. c3 Nf6 6. h3 e6 7. Nf3 Be7 8. 0-0 0-0 9. Re1 Rb8 10. Bf4 Bd6 11. Bg5 b5 12. Ne5 Na5 13. Nd2 Nc4 14. Rb1 a5 15. a3 Be7 16. Nc6 Qc7 17. Nxb8 Qxb8 18. Qf3 h6 19. Bf4 Qb6 20. Nf1 Bd7 21. Ng3 b4 22. axb4 axb4 23. Nh5 Nxh5 24. Qxh5 Bf6 25. Qf3 Be7 26. Qg3 Kh8 27. Bc2 Ra8 28. Qd3 f5 29. Bb3 Bb5 30. Bxc4 Bxc4 31. Qe3 Ra6 32. Ra1 g5 33. Rxa6 Qxa6 34. Qxe6 Qxe6 35. Rxe6 Bf8 36. Be5+ Kg8 37. Rg6+ Kf7 38. Rf6+ Ke7 39. Rxf5 b3 40. Rf6 Ke8 41. Rb6 Be7 42. f3 Kd7 43. Rxh6 Kc8 44. Rb6 Bd8 45. Rb8+ Kd7 46. Kf2 Be7 47. g3 Bd8 48. f4 gxf4 49. Bxf4 Bf6 50. h4 Ke6 51. h5 Kf5 52. h6 Kg6 53. Rb6 Kf7 54. Rb7+ Kg6 55. h7 Bh8 56. Be5 1-0